000 00943nac a22003017a 4500
001 BR0103183
003 BR-BrBNA
005 20240105122551.0
008 230509b bl.|||m| |||| 00| 0 por d
040 _aBR-BrBNA
_bpor
_cBiblioteca Nacional de Agricultura
072 _aN20; F01; P05
090 _a0332 BR0103183
100 1 _aSilva, O.R.R.F. da
100 1 _aCarvalho, O.S. de
100 1 _aSilveira, N.A. da
110 1 _aEMBRAPA Algodao, Campina Grande, PB (Brasil)
_93546
245 1 _aAvaliacao de diferentes enxadas para a colheita do amendoim
260 3 _aCampina Grande, PB (Brasil):
_c1999.
300 _a16 p.
490 _aBoletim de Pesquisa - EMBRAPA Algodao (Brazil)
_vno. 41
_xISSN 0103-0841
500 _aSummaries (En, Pt); 6 ref.
650 _aAmendoim
650 _aColheita
650 _aTracao Animal
650 _aEnxada
909 _a202312
_bLúcia Elande
_c55
_dLúcia Elande
942 _2AGRIS
_n0
_cMS
999 _c291695
_d291695